Developments in building technology : International conference./Bratislava,10.-13.9.1996
Guardado en:
| Formato: | Libro |
|---|---|
| Lenguaje: | inglés |
| Publicado: |
Bratislava :
STU v Bratislave SvF,
1996
|
| Etiquetas: |
Sin Etiquetas, Sea el primero en etiquetar este registro!
|
MARC
| LEADER | 00000nam a22000003a 4500 | ||
|---|---|---|---|
| 001 | stu84439 | ||
| 005 | 20150408161453.5 | ||
| 008 | 040301s1996----xo------------------eng-d | ||
| 040 | |a STU |b slo | ||
| 041 | 0 | |a eng | |
| 044 | |a xo | ||
| 080 | |a 061.3(437.6) | ||
| 080 | |a 69.05 | ||
| 080 | |a 693.5 |7 stu_us_auth*stu4192 | ||
| 080 | |a 624.01 | ||
| 080 | |a 624.05 | ||
| 245 | |a Developments in building technology : |b International conference./Bratislava,10.-13.9.1996 | ||
| 260 | |a Bratislava : |b STU v Bratislave SvF, |c 1996 | ||
| 300 | |a 316 s.;obr.,tab.,schémy | ||
| 996 | |b 284V012758 |c V*1619/sc-04 |l VVT |s A |a 24 |w stu84439_0001 | ||
| 996 | |b 284V012759 |c V*1618/sc-04 |l VVT |s A |a 24 |w stu84439_0002 | ||